000 00305nam a22001337a 4500
008 170714b xxu||||| |||| 00| 0 eng d
020 _a173002646500140000000007
041 _aeng
080 _a101
100 _a24
101 _aFIL
245 _aWHY I AM NOT A CHRISTIAN
_cRUSSELL, B
942 _2udc
_cBK
999 _c20723
_d20723